Construïm un projecte mediterrani per la pau, la justícia i la dignitat dels pobles : anàlisi crítica de 10 anys d'europartenariat / Coordinador: Joan Ribas anàlisi crítica de 10 anys d'europartenariat / Coordinador:
Descripción Física:
91 p. ; 21 cm
Otros Autores:
Ribas, Joan, coord
MARC
| LEADER | 00000nam a2200000Ia 4500 | ||
|---|---|---|---|
| 001 | 19560 | ||
| 008 | 160829s2006 xx 000 0 cat d | ||
| 080 | |a M-5-453 | ||
| 245 | |a Construïm un projecte mediterrani per la pau, la justícia i la dignitat dels pobles : |b anàlisi crítica de 10 anys d'europartenariat / Coordinador: |b Joan Ribas | ||
| 260 | |a Barcelona : |b SODEPAU, |c 2006 | ||
| 300 | |a 91 p. ; |c 21 cm | ||
| 590 | |a Amb el suport de la Diputació de Barcelona | ||
| 650 | |a Pau |9 49353 | ||
| 650 | 0 | |a Drets humans |z Europa |9 17360 | |
| 700 | |a Ribas, Joan, coord. |9 28204 | ||
| 901 | |a Arxiu | ||
| 942 | |n 1 | ||
| 952 | |0 0 |1 0 |4 0 |6 M5453 |7 1 |9 44721 |a Arxiu |b Arxiu |d 2016-12-01 |l 0 |o M-5-453 |p 19560 |r 2016-12-01 00:00:00 |w 2016-12-01 |y ARXIU | ||
| 999 | |c 47302 |d 47302 | ||